English sample tests for non language students Dành cho nghiên cứu sinh và hệ cao học không chuyên ngữ Tập 2

Đã lưu trong:
Chi tiết về thư mục
Tác giả chính: Nguyễn Quang
Tác giả khác: Lương Công Tiến (Biên soạn)
Định dạng: Sách
Ngôn ngữ:Vietnamese
Được phát hành: H. Thế giới 1999
Những chủ đề:
Các nhãn: Thêm thẻ
Không có thẻ, Là người đầu tiên thẻ bản ghi này!
Thư viện lưu trữ: Mạng thư viện Đại học Đà Nẵng
LEADER 01239nam a2200349 4500
001 000009638
003 5835
005 20170410150425.0
008 111031s1999 viesd
020 |c 18000đ 
041 0 |a vie 
082 |a 428.24076  |b NG-Q 
100 0 |a Nguyễn Quang 
245 1 0 |a English sample tests for non language students  |b Dành cho nghiên cứu sinh và hệ cao học không chuyên ngữ  |c Nguyễn Quang, Lương Công Tiến  |n Tập 2 
260 |a H.  |b Thế giới  |c 1999 
300 |a 207tr  |c 21cm 
653 |a Tiếng Anh 
653 |a Ngôn ngữ 
653 |a Hệ cao học 
700 |a Lương Công Tiến  |e Biên soạn 
773 |t English sample tests for non language students  |w 5833 
910 |a Thương  |d 31/10/2011 
OWN |a LSP 
AVA |a UDN50  |b LSP  |d 428.24076 NG-Q  |e available  |t Error 5001 Not defined in file expand_doc_bib_avail.  |f 10  |g 0  |h N  |i 0  |k 1 
999 |a From the UDN01 
AVA |a UDN50  |b LSP  |d 428.24076 NG-Q  |e available  |t Error 5001 Not defined in file expand_doc_bib_avail.  |f 10  |g 0  |h N  |i 0  |k 1 
TYP |a Monograph 
TYP |a Printed language 
980 |a Mạng thư viện Đại học Đà Nẵng